000 00536nam a2200145 4500
008 051024s1896 ilum a000 0 eng d
090 _aBS2545.H6
_bM57s
100 1 _aMeyer, F. B.
_q(Frederick Brotherton),
_d1847-1929.
245 1 4 _aThe secret of guidance :
_ba companion volume to Light on life's duties /
_cby F.B. Meyer.
260 _aChicago :
_bThe Moody Press,
_cc1896.
300 _a125 p. ;
_c17 cm.
650 4 _aHoliness.
650 4 _aSanctification.
951 _p4521
_x00014086
_oBS2545.H6/M57s-2
_j070613111523921
_d2000-12-21
_cGC
999 _c24929
_d24929